000 00730nam a22002417a 4500
005 20260424113428.0
008 260424b |||||||| |||| 00| 0 eng d
020 _a9783985721610 (hbk)
037 _cTB
040 _aCRL
_cCRL
041 _2eng
_aeng
084 _aW R4
_qCRL
100 _aFransoni, Alessio
_91235632
245 _aPolitical theory of art:
_bfoundations, perspectives, figures
260 _aBaden - Bedan, Germany:
_bAcademia Verlag,
_c2024.
300 _a103p.
365 _b200.00
_cINR
490 _aPhilosophische praxis 11
650 _aPolitical Science
650 _aTheory
942 _2CC
_cTB
_hW R4
_n0
999 _c1848498
_d1848498